[Event "Mitropa Cup"]
[Site "Charleville (Frankreich)"]
[Date "2000.12.03"]
[Round "9.4"]
[White "Handke, Florian"]
[Black "Lanzani, Mario"]
[Result "1/2-1/2"]
[WhiteElo "2455"]
[BlackElo "2419"]
[Annotator "ALLEMAGNE-ITALIE"]
[PlyCount "116"]
[EventDate "2000.12.03"]

1. d4 Nf6 2. c4 e6 3. Nc3 Bb4 4. e3 b6 5. Nge2 c5 6. a3 Ba5 7. Rb1 Qe7 8. Bd2
Bxc3 9. Nxc3 Bb7 10. b4 cxd4 11. exd4 Ne4 12. Nxe4 Bxe4 13. Rb3 Nc6 14. Re3 d5
15. Bc3 Qg5 16. h4 Qf4 17. g3 Qc7 18. Rh3 Ne7 19. g4 h5 20. Rhg3 hxg4 21. Qxg4
Nf5 22. cxd5 Nxe3 23. Bb5+ Kd8 24. Rxe3 f5 25. Qg6 Bxd5 26. Bd2 a6 27. Rc3 axb5
28. Bg5+ Kc8 29. Rxc7+ Kxc7 30. Qxg7+ Kc6 31. Bf4 Rac8 32. Be5 Rxh4 33. Qe7
Re4+ 34. Kd2 Rxe5 35. dxe5 Bc4 36. Ke3 Rc7 37. Qe8+ Kb7 38. Kf4 Rc8 39. Qd7+
Rc7 40. Qe8 Rc8 41. Qe7+ Rc7 42. Qf8 Rc8 43. Qd6 Rc6 44. Qd1 Rc8 45. Kg5 Rg8+
46. Kf6 Rc8 47. Qd6 Rc6 48. Ke7 Rc7+ 49. Kf6 Rc6 50. Ke7 Rc7+ 51. Kd8 Rc8+ 52.
Kd7 Bd5 53. f4 Bc4 54. Ke7 Rc7+ 55. Kd8 Rc8+ 56. Ke7 Rc7+ 57. Kd8 Rc8+ 58. Kd7
Bd5 1/2-1/2

[Event "Mitropa Cup"]
[Site "Charleville (Frankreich)"]
[Date "2000.12.03"]
[Round "9.2"]
[White "Fressinet, Laurent"]
[Black "Pilaj, Herwig"]
[Result "1-0"]
[WhiteElo "2536"]
[BlackElo "2334"]
[Annotator "FRANCE-AUTRICHE"]
[PlyCount "53"]
[EventDate "2000.12.03"]

1. e4 e6 2. d4 d5 3. Nc3 Bb4 4. exd5 exd5 5. Bd3 Nc6 6. a3 Bxc3+ 7. bxc3 Nf6 8.
Ne2 O-O 9. O-O Na5 10. Re1 Re8 11. Ng3 Rxe1+ 12. Qxe1 Qe8 13. Bg5 Qxe1+ 14.
Rxe1 Be6 15. Bxf6 gxf6 16. Nh5 Nc4 17. Nxf6+ Kh8 18. f4 Kg7 19. Nxh7 Nxa3 20.
f5 Kxh7 21. fxe6+ Kg7 22. e7 Re8 23. Bf5 Kf6 24. g4 Rxe7 25. g5+ Kxf5 26. Rxe7
Kxg5 27. Rxc7 1-0

[Event "Mitropa Cup"]
[Site "Charleville (Frankreich)"]
[Date "2000.12.03"]
[Round "9.4"]
[White "Degraeve, Jean-Marc"]
[Black "Pingitzer, Harald"]
[Result "1-0"]
[WhiteElo "2540"]
[BlackElo "2278"]
[Annotator "FRANCE-AUTRICHE"]
[PlyCount "65"]
[EventDate "2000.12.03"]

1. e4 c6 2. d4 d5 3. e5 Na6 4. c3 Nc7 5. Bd3 g6 6. Ne2 h5 7. Nd2 Nh6 8. Nf1 b6
9. Ne3 Bg7 10. Qc2 Be6 11. Nf4 Qd7 12. a4 O-O 13. h3 c5 14. g4 hxg4 15. hxg4
Nxg4 16. f3 Nxe3 17. Bxe3 Bf5 18. Qh2 g5 19. Bxf5 Qxf5 20. Nh5 f6 21. exf6 Bxf6
22. O-O-O Ne6 23. Nxf6+ exf6 24. dxc5 Ng7 25. c6 Qe6 26. Rde1 Qxc6 27. Bxg5
Rae8 28. Qh7+ Kf7 29. Bh6 Rxe1+ 30. Rxe1 Rg8 31. Rg1 Qxa4 32. Kb1 Qc4 33. Bxg7
1-0